21世紀オリックスバファローズ開幕スタメン - Statistics

General Stats
  • This quiz has been taken 32 times
  • The average score is 149 of 260
Answer Stats
Answer % Correct
西野真弘
100%
西野真弘
100%
若月健矢
100%
若月健矢
100%
若月健矢
100%
山本由伸
100%
若月健矢
100%
山本由伸
100%
西野真弘
100%
森友哉
100%
西野真弘
100%
森友哉
100%
宮城大弥
100%
若月健矢
100%
宮城大弥
100%
若月健矢
100%
森友哉
100%
宮城大弥
100%
金子千尋
94%
金子千尋
94%
金子千尋
94%
金子千尋
94%
金子千尋
94%
金子千尋
94%
杉本裕太郎
94%
紅林弘太郎
94%
杉本裕太郎
94%
紅林弘太郎
94%
杉本裕太郎
94%
紅林弘太郎
94%
杉本裕太郎
94%
紅林弘太郎
94%
杉本裕太郎
94%
紅林弘太郎
94%
糸井嘉男
88%
糸井嘉男
88%
糸井嘉男
88%
糸井嘉男
88%
中川圭太
88%
中川圭太
88%
2025 中川圭太
88%
中川圭太
88%
ローズ
82%
ローズ
82%
ローズ
82%
2018 宗佑磨
82%
ジョーンズ
82%
ジョーンズ
82%
宗佑磨
82%
宗佑磨
82%
宗佑磨
82%
宗佑磨
82%
宗佑磨
82%
2026 宗佑磨
82%
T-岡田
82%
T-岡田
82%
T-岡田
82%
T-岡田
82%
T-岡田
82%
T-岡田
82%
T-岡田
82%
T-岡田
82%
2020 T-岡田
82%
T-岡田
82%
2007 坂口智隆
76%
2008 坂口智隆
76%
カブレラ
76%
坂口智隆
76%
カブレラ
76%
2010 坂口智隆
76%
2011 坂口智隆
76%
2012 坂口智隆
76%
坂口智隆
76%
2016 吉田正尚
76%
吉田正尚
76%
吉田正尚
76%
頓宮裕真
76%
吉田正尚
76%
太田椋
76%
吉田正尚
76%
頓宮裕真
76%
吉田正尚
76%
頓宮裕真
76%
太田椋
76%
頓宮裕真
76%
太田椋
76%
2014 ヘルマン
71%
山岡泰輔
71%
山岡泰輔
71%
2024 西川龍馬
71%
西川龍馬
71%
西川龍馬
71%
後藤光尊
65%
後藤光尊
65%
ラロッカ
65%
ラロッカ
65%
後藤光尊
65%
2009 ラロッカ
65%
後藤光尊
65%
後藤光尊
65%
ラロッカ
65%
後藤光尊
65%
バルディリス
65%
伊藤光
65%
後藤光尊
65%
バルディリス
65%
伊藤光
65%
2013 後藤光尊
65%
安達了一
65%
バルディリス
65%
伊藤光
65%
安達了一
65%
伊藤光
65%
安達了一
65%
中島裕之
65%
小谷野栄一
65%
伊藤光
65%
小谷野栄一
65%
中島裕之
65%
伊藤光
65%
2017 安達了一
65%
ロメロ
65%
小谷野栄一
65%
ロメロ
65%
小谷野栄一
65%
伊藤光
65%
安達了一
65%
西勇輝
65%
安達了一
65%
安達了一
65%
安達了一
65%
山下舜平大
65%
谷佳知
59%
谷佳知
59%
日高剛
59%
2003 谷佳知
59%
谷佳知
59%
日高剛
59%
日高剛
59%
谷佳知
59%
中村紀洋
59%
日高剛
59%
大引啓次
59%
大引啓次
59%
日高剛
59%
日高剛
59%
日高剛
59%
大引啓次
59%
大引啓次
59%
駿太
59%
大引啓次
59%
駿太
59%
谷佳知
59%
ペーニャ
59%
駿太
59%
駿太
59%
2019 福田周平
59%
2022 福田周平
59%
川越英隆
53%
川越英隆
53%
川越英隆
53%
フェルナンデス
53%
李大浩
53%
李大浩
53%
廣岡大志
53%
オリバレス
53%
廣岡大志
53%
清原和博
47%
ブランコ
47%
ディクソン
47%
中島宏之
47%
後藤駿太
47%
後藤駿太
47%
ゴンザレス
47%
シーモア
47%
大島公一
41%
田口壮
41%
大島公一
41%
平野恵一
41%
大島公一
41%
平野恵一
41%
阿部真宏
41%
平野恵一
41%
阿部真宏
41%
阿部真宏
41%
小松聖
41%
木佐貫洋
41%
平野恵一
41%
ベタンコート
41%
2015 平野恵一
41%
モレル
41%
北川博敏
35%
北川博敏
35%
北川博敏
35%
北川博敏
35%
北川博敏
35%
フィガロ
35%
マレーロ
35%
メネセス
35%
小田裕也
35%
モヤ
35%
アリアス
29%
山崎武司
29%
山崎武司
29%
濱中治
29%
濱中治
29%
李承燁
29%
高橋信二
29%
竹原直隆
29%
高橋信二
29%
大城滉二
29%
ロドリゲス
29%
大城滉二
29%
シェルドン
24%
シェルドン
24%
オーティズ
24%
2004 村松有人
24%
オーティズ
24%
2005 村松有人
24%
村松有人
24%
下山真二
24%
ボグセビック
24%
2023 野口智哉
24%
2001 塩崎真
18%
2002 塩崎真
18%
セギノール
18%
ブラウン
18%
ブラウン
18%
ガルシア
18%
2006 塩崎真
18%
ガルシア
18%
迎祐一郎
18%
塩崎真
18%
赤田将吾
18%
ラベロ
18%
茶野篤政
18%
金田政彦
12%
塩谷和彦
12%
進藤達哉
12%
塩谷和彦
12%
ブランボー
12%
塩谷和彦
12%
小島脩平
12%
山足達也
12%
西浦颯大
12%
2021 佐野晧大
12%
ビティエロ
6%
五十嵐章人
6%
葛城育郎
6%
吉原孝介
6%
葛城育郎
6%
佐竹学
6%
ヤーナル
6%
三輪隆
6%
吉井理人
6%
具臺晟
6%
大西宏明
6%
アレン
6%
前田大輔
6%
来田涼斗
6%
No matching quizzes found
Score Distribution
Percent of People with Each Score
Percentile by Number Answered
Your Score History
You have not taken this quiz